000 05035cam a22005774i 4500
003 PE-LiUPU
005 20250731172846.0
008 120619m20122014txu rb 000 0 eng
020 _a0891125868
_q((Volumen . 1)
020 _a9780891125860
_q(Volumen 1)
020 _a0891125841
_q((Volumen 2)
020 _a9780891125846
_q((Volumen 2)
035 _a(Sirsi) i9780891125860
040 _aDLC
_bspa
_cDLC
_dYDX
_dOKR
_dYDXCP
_dNYP
_dOCLCF
_dYUS
_dOCLCO
_dTXC
_dUWT
_dOCLCQ
_dMXL
_dOCL
_dOCLCQ
_dOCL
_dPE-LiUPU
_erda
082 0 4 _a270.1
_bF38
_223
100 1 _aFerguson, Everett,
_d1933-,
_eautor.
245 1 4 _aThe early church and today /
_cEverett Ferguson.
264 _aAbilene, Texas :
_bAbilene Christian University Press,
_c[2012-2014].
300 _a2 volumenes ;
_c23 centímetros
336 _atext
_2rdacontent
337 _aunmediated
_2rdamedia
338 _avolume
_2rdacarrier
504 _aIncludes bibliographical references.
505 0 _aVolumen 1. Part I. Church and ministry. Four freedoms of the church -- The ministry of the word in the first two centuries -- Ordination according to Acts: Acts 6:1-6 -- Laying on of hands in Acts 6:6 and 13:3 -- The authority and tenure of elders -- Church order in the sub-Apostolic period: a survey of interpretations -- The ministry in the Apostolic Fathers -- The "congregationalism" of the early church -- Article review of Dan William's Retrieving the tradition and renewing evangelicalism: a primer for suspicious Protestants -- Women in the post-Apostolic church -- Part II. Baptism and initiation. Baptismal motifs in the ancient church -- Baptism in the Partistic period -- Part III. Demonology. The demons according to Justin Martyr -- Origen's demonology -- Part IV. Worship and assembly. Justin Martyr and the liturgy -- "When you come together" -- I Timothy 2:8 -- Sabbath: Saturday or Sunday? a review article -- Part V. Church music. Jewish religious music in the first century -- temple, synagogue, home and sect -- The theology of singing -- The case for a cappella music in the Christian assembly -- Church music in Ephesians and Colossians: exegesis of Colossians 3:15-17 -- Early church history and the instrumental music controversy -- Congregational singing in the early church.
505 0 _aVolumen 2. Christian life, scripture, and restoration -- Christian living -- Christian living in a pagan society -- Love of enemies and nonretaliation in the second century -- Response to Robert L. Wilken, "Free Choice, the Divine Will, and Early Christian Greek Commentaries on St. Paul" -- Early church penance -- Wine as a table drink in the ancient world -- Book of Acts -- The purpose of Acts -- Theological themes in Acts -- Historical themes in Acts -- Biblical interpretation -- The Lord's Supper and biblical hermeneutics -- Christian use of the Old Testament -- Using historical foreground in New Testament interpretation -- Jesus and Roman coinage -- Response to Robert L. Wilken, "Something greater than the temple" -- Restoration movement -- The appeal to apostolic authority in the early centuries -- Alexander Campbell's "Sermon on the Law": a historical and theological examination -- The doctrine of the church in the writings of Alexander Campbell -- The validity of the restoration principle -- The meaning and significance of the restitution motif -- Religious liberty -- Voices of religious liberty in the early church -- Roger Williams on religious liberty -- Biblical eschatology -- Biblical eschatology -- 1. Greco-Roman and Jewish backgrounds -- 2. New Testament perspective -- 3. Exposition of some New Testament passages -- 4. Problems and perspectives related to eschatology.
505 1 _aVolumen 1. Ministry, initiation, and worship -- Volumen 2. Christian life, scripture, and restoration.
526 _aSEG42
526 _aSEG41
526 _aSEG40
526 _aSEG39
526 _aP94
526 _aP87
526 _aP86
526 _aP85
526 _aP77
526 _aP76
526 _aP35
648 7 _a30-600.
650 0 _aHistoria eclesiástica
650 0 _aVida cristiana
_xHistoria
_yIglesia primitiva.
655 7 _aHistoria.
910 _ajck
_bebj
_cebj
_d20160601
942 _2ddc
_cBOOK
949 _a270.1 F38 1
_wDEWEY
_c1
_i73364
_lCATALOGING
_mBUL
_p26.00
_r0
_sY
_tBOOK
_u01/06/16
_xPOSGRADO
_PP85
_o.STAFF. Colección General Teología
_0compra
949 _a270.1 F38 2
_wDEWEY
_c1
_i73365
_lCATALOGING
_mBUL
_p26.00
_r0
_sY
_tBOOK
_u01/06/16
_xPOSGRADO
_PP85
_o.STAFF. Colección General Teología
_0compra
994 _aC0
_bPEPRU
596 _a1
999 _a270.1 F38 1
_wDEWEY
_c9691
_i73364
_d9691
_e2017-5-22
_f2021-11-11
_g5
_lCCODEBUL1
_mBUL
_n2
_p26.00
_r0
_sY
_tBOOK
_u2016-6-1
_xTEOLOGIA
_PP85
_0COMPRA
_o.STAFF. Colección Teología
999 _a270.1 F38 2
_wDEWEY
_c1
_i73365
_f2021-11-11
_g5
_lCCODEBUL1
_mBUL
_p26.00
_r0
_sY
_tBOOK
_u2016-6-1
_xTEOLOGIA
_PP85
_0COMPRA
_o.STAFF. Colección Teología
980 _81
_gALBERTO SANCHEZ Responsable de Automatización